US Cities by Abstract Picture Clue - Statistics

General Stats
  • This quiz has been taken 43 times
    42 since last reset
  • The average score is 8 of 17
Answer Stats
Picture Hint Answer % Correct
New York Buffalo
97%
Alaska Anchorage
92%
Ohio Columbus
89%
Utah Salt Lake City
81%
Colorado Boulder
78%
California Palm Springs
68%
Hawaii Honolulu
65%
Georgia Savannah
62%
Oregon Portland
51%
Kentucky Bowling Green
30%
Illinois Chicago
30%
Arizona Phoenix
27%
Missouri Kansas City
24%
Kansas Wichita
24%
California Bakersfield
14%
Texas Waco
11%
California Redding
5%
No matching quizzes found
Score Distribution
Percent of People with Each Score
Percentile by Number Answered
Your Score History
You have not taken this quiz since the last reset